000 00403nam a2200157Ia 4500
005 20250701014432.0
008 240331s9999 xx 000 0 und d
020 _a9559518208
082 _bCAS
_a891
100 _aCasinadhar,R.A
245 0 _aPathal siwpada
260 _aBoralesgamuwa
_bLimited Enlightened Publishers ( Private)
_c1988
300 _a79 p .,
650 _aQuarter of Mines
942 _cL
999 _c4852
_d4852